U.S. Ambassadors to France by Picture - Statistics

General Stats
  • This quiz has been taken 12 times
    3 since last reset
  • The average score is 27 of 64
Answer Stats
Picture Hint Answer % Correct
1776-1785 Benjamin Franklin
100%
1796-1797 Charles Cotesworth Pinckney
100%
1794-1796 James Monroe
100%
1881-1885 Levi P. Morton
100%
1836-1842 Lewis Cass
100%
1968-1970 Sargent Shriver
100%
1785-1789 Thomas Jefferson
100%
1813-1815 William H. Crawford
100%
1889-1892 Whitelaw Reid
67%
1861-1864 William L. Dayton
67%
1844-1846 William R. King
67%
1815-1823 Albert Gallatin
33%
1977-1981 Arthur A. Hartman
33%
1970-1972 Arthur K. Watson
33%
1953-1957 C. Douglas Dillon
33%
1962-1968 Charles E. Bohlen
33%
1860-1861 Charles J. Faulkner
33%
2025-Present Charles Kushner
33%
2009-2013 Charles Rivkin
33%
2005-2009 Craig Roberts Stapleton
33%
1949-1952 David K. E. Bruce
33%
2021-2025 Denise Bauer
33%
1877-1881 Edward Follansbee Noyes
33%
1833-1835 Edward Livingston
33%
1869-1877 Elihu B. Washburne
33%
1981-1985 Evan G. Galbraith
33%
1997-2000 Felix Rohatyn
33%
1792-1794 Gouverneur Morris
33%
1907-1909 Henry White
33%
1897-1905 Horace Porter
33%
2001-2005 Howard H. Leach
33%
1919-1921 Hugh Campbell Wallace
33%
1893-1897 James B. Eustis
33%
1823-1829 James Brown
33%
1952-1953 James Clement Dunn
33%
1961-1962 James M. Gavin
33%
2017-2021 Jamie McCourt
33%
2014-2017 Jane D. Hartley
33%
1944-1949 Jefferson Caffery
33%
1933-1936 Jesse I. Straus
33%
1811-1812 Joel Barlow
33%
1985-1989 Joe M. Rodgers
33%
1866-1869 John Adams Dix
33%
1804-1810 John Armstrong Jr.
33%
1865-1866 John Bigelow
33%
1973-1974 John N. Irwin II
33%
1853-1859 John Y. Mason
33%
1974-1977 Kenneth Rush
33%
1912-1914 | 1921-1929 Myron T. Herrick
33%
1993 Pamela Harriman
33%
1847-1849 Richard Rush
33%
1909-1912 Robert Bacon
33%
1885-1889 Robert Milligan McLane
33%
1801 Robert R. Livingston
33%
1905-1907 Robert Sanderson McCormick
33%
1892-1893 T. Jefferson Coolidge
33%
1989-1993 Walter Curley
33%
1929-1933 Walter Evans Edge
33%
1829-1832 | 1849-1853 William Cabell Rives
33%
1936-1940 William Christian Bullitt Jr.
33%
1940-1942 William D. Leahy
33%
1914-1919 William Graves Sharp
33%
1790-1792 William Short
33%
1957-1961 Amory Haughton
0%
No matching quizzes found
Score Distribution
Percent of People with Each Score
Percentile by Number Answered
Your Score History
You have not taken this quiz since the last reset